Turbulent flows (Record no. 81452)

MARC details
000 -LEADER
fixed length control field 01648nam a2200265 a 4500
008 - FIXED-LENGTH DATA ELEMENTS--GENERAL INFORMATION
fixed length control field 120416s2000 ||||||||||||||||| || u
020 ## - INTERNATIONAL STANDARD BOOK NUMBER
International Standard Book Number 0521598869
020 ## - INTERNATIONAL STANDARD BOOK NUMBER
International Standard Book Number 9780521598866
050 ## - LIBRARY OF CONGRESS CALL NUMBER
Classification number QA 913 Pop
100 ## - MAIN ENTRY--PERSONAL NAME
Personal name Pope, Stephen B
245 10 - TITLE STATEMENT
Title Turbulent flows
Statement of responsibility, etc. By Stephen B. Pope
260 ## - PUBLICATION, DISTRIBUTION, ETC.
Place of publication, distribution, etc. Cambridge
Name of publisher, distributor, etc. Cambridge University Press
Date of publication, distribution, etc. 2000
300 ## - PHYSICAL DESCRIPTION
Extent xxxiv, 771 pages : illustrated
350 ## -
-- 81.99
500 ## - GENERAL NOTE
General note Includes bibliographical references (p. 727-748) and indexes.
650 ## - SUBJECT ADDED ENTRY--TOPICAL TERM
Topical term or geographic name entry element TURBULENCE
856 ## - ELECTRONIC LOCATION AND ACCESS
Uniform Resource Identifier http://www.loc.gov/catdir/description/cam0210/99044583.html
856 ## - ELECTRONIC LOCATION AND ACCESS
Uniform Resource Identifier http://www.loc.gov/catdir/toc/cam028/99044583.html
995 ## -
-- MAIN LIBRARY OPEN ACCESS
-- 66.86
-- 749837
-- CBU-MAIN LIBRARY (Kitwe)
-- 0.00
-- QA 913 Pop
-- 3
-- AVAILABLE
-- Aug 27, 2019
-- 749837
-- Main Library Open Access Collection
995 ## -
-- MAIN LIBRARY OPEN ACCESS
-- 66.86
-- 749836
-- CBU-MAIN LIBRARY (Kitwe)
-- 0.00
-- QA 913 Pop
-- 2
-- AVAILABLE
-- Aug 27, 2019
-- 749836
-- Main Library Open Access Collection
995 ## -
-- MAIN LIBRARY OPEN ACCESS
-- 66.86
-- 749838
-- CBU-MAIN LIBRARY (Kitwe)
-- 0.00
-- QA 913 Pop
-- 4
-- AVAILABLE
-- Aug 27, 2019
-- 749838
-- Main Library Open Access Collection
995 ## -
-- ANNEX COLLECTION (Main Library)
-- 0.00
-- 734000
-- CBU-MAIN LIBRARY (Kitwe)
-- 1
-- 23.99
-- QA 913 Pop
-- AVAILABLE
-- 45953
-- Annex Low-Usage Collection
995 ## -
-- SHORT LOAN BOOKS
-- 750065
-- CBU-MAIN LIBRARY (Kitwe)
-- 81.99
-- QA 913 Pop
-- 6
-- AVAILABLE
-- Nov 27, 2019
-- 750065
-- Short Loan Collection
995 ## -
-- MAIN LIBRARY OPEN ACCESS
-- 66.86
-- 749839
-- CBU-MAIN LIBRARY (Kitwe)
-- 0.00
-- QA 913 Pop
-- 5
-- AVAILABLE
-- Aug 27, 2019
-- 749839
-- Main Library Open Access Collection
999 ## -
-- 81452
-- 81452
Holdings
Withdrawn status Lost status Source of classification or shelving scheme Damaged status Not for loan Permanent Location Current Location Shelving location Date acquired Total Checkouts Full call number Barcode Date last seen Copy number Price effective from Koha item type
          CBU-MAIN LIBRARY, KITWE. CBU-MAIN LIBRARY, KITWE.   08/18/2023   QA 913 Pop 749837 08/18/2023 1 08/18/2023 MONOGRAPH
          CBU-MAIN LIBRARY, KITWE. CBU-MAIN LIBRARY, KITWE.   08/18/2023   QA 913 Pop 749836 08/18/2023 2 08/18/2023 MONOGRAPH
          CBU-MAIN LIBRARY, KITWE. CBU-MAIN LIBRARY, KITWE.   08/18/2023   QA 913 Pop 749838 08/18/2023 3 08/18/2023 MONOGRAPH
          CBU-MAIN LIBRARY, KITWE. CBU-MAIN LIBRARY, KITWE.   08/18/2023   QA 913 Pop 45953 08/18/2023 4 08/18/2023 MONOGRAPH
          CBU-MAIN LIBRARY, KITWE. CBU-MAIN LIBRARY, KITWE.   08/18/2023   QA 913 Pop 750065 08/18/2023 5 08/18/2023 SHORT LOAN COLLECTION
          CBU-MAIN LIBRARY, KITWE. CBU-MAIN LIBRARY, KITWE.   08/18/2023   QA 913 Pop 749839 08/18/2023 6 08/18/2023 MONOGRAPH